|
|
|
|
| LEADER |
00000cam a22000004a 4500 |
| 001 |
musev2_77477 |
| 003 |
MdBmJHUP |
| 005 |
20230905052008.0 |
| 006 |
m o d |
| 007 |
cr||||||||nn|n |
| 008 |
200820s2020 pau o 00 0 eng d |
| 020 |
|
|
|a 9780822987932
|
| 020 |
|
|
|z 9780822966746
|
| 020 |
|
|
|z 9780822946489
|
| 035 |
|
|
|a (OCoLC)1188992318
|
| 040 |
|
|
|a MdBmJHUP
|c MdBmJHUP
|
| 050 |
|
4 |
|a PS3611.I45294
|b A6 2020
|
| 100 |
1 |
|
|a Kim, Caroline,
|e author.
|
| 240 |
1 |
0 |
|a Short stories.
|k Selections
|
| 245 |
1 |
4 |
|a The Prince of Mournful Thoughts and Other Stories /
|c Caroline Kim.
|
| 264 |
|
1 |
|a Baltimore, Maryland :
|b Project Muse,
|c 2020
|
| 264 |
|
3 |
|a Baltimore, Md. :
|b Project MUSE,
|c 2020
|
| 264 |
|
4 |
|c ©2020
|
| 300 |
|
|
|a 1 online resource (222 pages).
|
| 336 |
|
|
|a text
|b txt
|2 rdacontent
|
| 337 |
|
|
|a computer
|b c
|2 rdamedia
|
| 338 |
|
|
|a online resource
|b cr
|2 rdacarrier
|
| 500 |
|
|
|a Issued as part of book collections on Project MUSE.
|
| 504 |
|
|
|a Includes bibliographical references (page 209).
|
| 506 |
|
|
|a Access restricted to authorized users and institutions.
|
| 520 |
|
|
|a Exploring what it means to be human through the Korean diaspora, Caroline Kim's stories feature many voices. From a teenage girl in 1980's America, to a boy growing up in the middle of the Korean War, to an immigrant father struggling to be closer to his adult daughter, or to a suburban housewife whose equilibrium depends upon a therapy robot, each character must face their less-than-ideal circumstances and find a way to overcome them without losing themselves. Language often acts as a barrier as characters try, fail, and momentarily succeed in connecting with each other. With humor, insight, and curiosity, Kim's wide-ranging stories explore themes of culture, communication, travel, and family. Ultimately, what unites these characters across time and distance is their longing for human connection and a search for the place--or people--that will feel like home.
|
| 586 |
|
|
|a Drue Heinz Literature Prize, 2020.
|
| 588 |
|
|
|a Description based on print version record.
|
| 650 |
|
0 |
|a Korean diaspora in literature.
|
| 650 |
|
0 |
|a Short stories, American
|y 21st century.
|
| 655 |
|
7 |
|a Short stories.
|2 lcgft
|
| 655 |
|
7 |
|a Electronic books.
|2 local
|
| 710 |
2 |
|
|a Project Muse,
|e distributor.
|
| 776 |
1 |
8 |
|i Print version:
|z 0822946483
|z 9780822946489
|
| 710 |
2 |
|
|a Project Muse.
|e distributor
|
| 830 |
|
0 |
|a Book collections on Project MUSE.
|
| 856 |
4 |
0 |
|z Texto completo
|u https://projectmuse.uam.elogim.com/book/77477/
|
| 945 |
|
|
|a Project MUSE - Custom Collection
|
| 945 |
|
|
|a Project MUSE - 2020 Complete
|
| 945 |
|
|
|a Project MUSE - 2020 Poetry, Fiction and Creative Non-Fiction
|